Normal view
MARC view
- MODERN PHYSICS
Entry Topical Term
001 - CONTROL NUMBER
- control field: 60794
003 - CONTROL NUMBER IDENTIFIER
- control field: NUST
005 - DATE AND TIME OF LATEST TRANSACTION
- control field: 20210628202627.0
008 - FIXED-LENGTH DATA ELEMENTS
- fixed length control field: 210628|| aca||aabn | a|a d
040 ## - CATALOGING SOURCE
- Original cataloging agency: NUST
- Transcribing agency: NUST
150 ## - HEADING--TOPICAL TERM
- Topical term or geographic name entry element: MODERN PHYSICS
670 ## - SOURCE DATA FOUND
- Source citation: Work cat.: (NUST): Beiser, Arthur 8560, Concepts of modern physics, 2003
